MDQL
is popping MORE tags! Check the
thread
!
Quizzes
Events
Quiz Creation
Community
Videos
Private Events
Remove Ads
Sign In
Join for FREE
Feedback
Dark Mode
Quiz Categories
Sports
Geography
Music
Movies
Television
Just For Fun
Miscellaneous
History
Literature
Language
Science
Gaming
Entertainment
Religion
Holiday
For Kids
Quiz Lab
Recent
Popular Today
Quiz Kudos Today
Editor Picks
Curator Picks
Quizzes by...
Day
Popularity
Type
Ratings
Length
Year
Community
Subscriptions
Recent Discussions
Orange Saloon
Badges
Playlists
Quests
Create
Leaderboards
Showdown
Live 5
Trivia Bingo
Activity
Puzzle Library
Sporcle Events
Private Events
Virtual Trivia
Globe League
Become a Host
Pub Owners
SporcleCon
Opinionation
Our Games
Videos
Blog
Mobile Apps
Partnerships
Remove Ads and Go Orange
Feedback
Sports
Athletes
MLB
NBA
NHL
NFL
Soccer
Sports Teams
WWE
NCAA
Football
Premier League
Basketball
Baseball
Hockey
Golf
Tennis
Cricket
Rugby
Auto Racing
Olympics
World Cup
Sports
Athletes
MLB
NBA
NHL
NFL
Soccer
Sports Teams
WWE
NCAA
Football
Premier League
Basketball
Baseball
Hockey
Golf
Tennis
Cricket
Rugby
Auto Racing
Olympics
World Cup
Random Quiz
Search Sporcle
×
Quiz Lab
Quiz Lab
Sports
bull
Type in answers that appear in a list
Type in answers that appear in a list
Classic
Best Score? Go Orange.
Chicago Bulls roster- March 27, 2014 by alma maters Stats
Can you name the Chicago Bulls roster- March 27, 2014 by alma maters
By
CHMACIAS
3m
13 Questions
67 Plays
67 Plays
67 Plays
Comments
Comments
Give Quiz Kudos
Give Quiz Kudos
-
- Ratings
hide this ad
Replay
Link that replays current quiz
Next Quiz
Link to next quiz in quiz playlist
You Got
0%
They Got
Avg Score
58%
Avg Friend Score
Upgrade to see
Score Distribution
Jump to the score distribution portion of the page
Score
0/13
Timer
03:00
0
Plays Today
Hint
Answer
% Correct
Florida Gators
Joakim Noah
95.5%
Duke Blue Devils
Carlos Boozer
91%
Marquette Golden Eagles
Jimmy Butler
88.1%
Kansas Jayhawks
Kirk Hinrich
80.6%
USC Trojans
Taj Gibson
70.1%
Duke Blue Devils
Mike Dunleavy
64.2%
Texas Longhorns
D.J. Augustin
64.2%
Memphis Tigers
Derrick Rose
61.2%
BYU Cougars
Jimmer Fredette
50.7%
New Mexico Lobos
Tony Snell
44.8%
Kentucky Wildcats
Nazr Mohammed
25.4%
Florida Gators
Erik Murphy
17.9%
Republic of Georgia
Tornike Shengelia
7.5%
Quiz Playlist
Details
Report
Send in Message
Add To Playlist
Classic:
Type in answers that appear in a list
Last Updated: Feb 16, 2017
Quiz Scoreboard
CHALLENGE
Sign Up to Join the Scoreboard
Show All
Scores
Hide
Comments
May contain spoilers
Recently Published
1-10 Letter E Words III
by El_Dandy
Language
2m
Street Fighter Characters
by Artimus82
Gaming
60s
College Basketball Coaching Resumes
by pancakes188
Sports
9m
More to Explore
Quiz From the Vault
Featured Blog Post
Where Did the Easter Bunny Come From?
hide this ad
You Might Also Like...
Tags
2014
bull
chicago
Chicago Bulls
March
Mater
Today's Top Quizzes in Sports
Browse Sports
hide this ad
Today's Top Quizzes in bull
Browse bull
Top Contributed Quizzes in Sports
1
2022 World Cup Stars
2
Les meilleurs buteurs des matchs entre le PSG et l’OM
3
FIFA Club World Cup Champions
4
Les entraîneurs de l'OM et du PSG au 21e siècle
5
Criteria MLB: Left Handed Sluggers
6
2023 MLB Unique Player Accomplishments
7
AFC Teams Reveal (Wrong Answers Minefield)
8
Players with Multiple 50 Home Run Seasons
9
5-to-1: FBS Animal Nicknames
10
5-to-1: UK Sports Teams
Explore More
Trending Topics
NBA
Harry Potter
Crossword
Disney
Marvel
Kpop
Anime
NFL
The Office
Song
Country
Pokémon
Puzzle
Soccer
WWE
hide this ad
More By:
CHMACIAS
Quiz
Plays
Rating
Category
Featured
Created
Presidents (McKinley-Obama)
227
History
Jun 3, 2015
NBA players' alma maters
140
2.33
Sports
Jan 13, 2014
Houston Rockets roster- March 27, 2014 by alma maters
77
1.00
Sports
Mar 27, 2014
Brooklyn Nets roster- March 27, 2014 by alma maters
70
Sports
Mar 27, 2014
Chicago Bulls roster- March 27, 2014 by alma maters
67
Sports
Mar 27, 2014
Go to Creator's Profile
Score Distribution
Quiz Creator Spotlight
CHMACIAS
Follow
Send a Message
Quizzes Created
-
Created Quiz Play Count
-
More By This Creator
Popular Quizzes Today
1
Find the US States - No Outlines Minefield
2
Find the Countries of Europe - No Outlines Minefield
3
The Countries of the World
4
Find the US States
5
Risky Map Clicking: Biggest States A-Z
6
US States
7
Popular People in 1961
8
Movies - When Are They Set?
More Sports Quizzes
Les meilleurs buteurs RC Strasbourg
Quiz Lab
Trending Quizzes
Risky Map Clicking: Least Populous States A-Z
USA Borders Longest to Shortest
1-10 Letter G Words
1-10 Letter F Words
Countries of the World: 200 Million BC
Recently Updated
Leaping Animals
pecheneg
Reality TV Shows (A-Z)
bhenderson79
Rickey Henderson's Hall of Fame Teammates
pecheneg
Champions League XIs: Arsenal
pecheneg
Quick Pick: Celebrities in WWE's Hall of Fame
aduchscher
A-Z Keypad Blitz II
pecheneg
Multiple Oscar Actors
pecheneg
Mystery Phrase Blitz: Oscar 'Best Actors'
pecheneg
F. Scott Fitzgerald Novels
LTH
Pick 3 Villains
ddd62291
Trending Topics
Harry Potter
Disney
Kpop
Anime
Marvel
NBA
Crossword
Puzzle
Song
Country
WWE
Soccer
NFL
Pokémon
The Office
Your Account Isn't Verified!
In order to create a playlist on Sporcle, you need to verify the email address you used during registration. Go to your
Sporcle Settings
to finish the process.
Report this User
Report this user for behavior that violates our
Community Guidelines
.
Details:
Send Report
Go to the Sporcle.com Mobile Site →
Comments